| 000 | 00817namaa22001691 4500 | ||
|---|---|---|---|
| 001 | 174063 | ||
| 003 | ES-MaACL | ||
| 005 | 20230906215427.0 | ||
| 008 | 100210s1910 sp |||| | spa d | ||
| 100 | 1 |
_aNoriega Olea, Fernando. _985986 |
|
| 245 | 1 | 0 |
_aJunto al abismo / _ccomedia en un acto original de Fernando Noriega y José Tellaeche [y Arrillaga]. |
| 260 |
_aMadrid : _bSociedad de Autores Españoles, _c1910 ( _fR. Velasco) |
||
| 300 |
_a31 p. ; _c19 cm. |
||
| 500 | _aEn port.: Estrenada en el teatro Salón Nacional la noche del 16 de mayo de 1910. | ||
| 700 | 1 |
_aTellaeche, José. _9109617 |
|
| 852 |
_aES-MaACL _jF-8649(7) _z.- Enc. hol. conservando la cub. original _z.- Enc. en un vol. facticio formando parte de la col. facticia "Teatro español moderno" v. 108 _z.- Dedicatoria autógrafa "los autores" |
||
| 999 |
_c174063 _d174063 |
||